000
00286nam a22001217a 4500
003
OSt
008
150321b xxu||||| |||| 00| 0 eng d
100
1
_a
Castenholz, Bill J.
041
_a
eng
245
1
0
_a
An introduction to revenue stamps
260
_b
Castenholz & Sons
300
_a
0 pages
999
_c
1012
_d
1012